Länder anhand von Kurzgedichten erraten – Teil 2 - Statistiken

Allgemein
  • Dieses Quiz wurde 78 mal gespielt
  • Das Durchschnittsergebnis liegt bei 11 aus 17
Antwortstatistiken
Hinweis Land % Korrekt
Zur Europäischen Uniongehört mitunter die Nation, bekannt für 'ne Revolution, man nennt sie auch das "Hexagon". Frankreich
89%
Kulturhochburg der Inka-Zeit,zum Äquator ist's nicht weit, Großstädte heißen Chiclayo, Piura, Lima und Huancayo. Peru
88%
Die Wallonen und die Flamensorgen hier manchmal für Dramen, viele woll'n zusammenhalten, manche woll'n das Land auch spalten. Belgien
86%
Das schöne Land am Mittelmeer,das kennen wohl die meisten, es will auf Englisch nimmermehr so wie ein Truthahn heißen. Türkei
85%
Willst im Land der tausend Seendu die Einwohner verstehen, eifrig ihre Sprache lern, schon hast du Suomi gern! Finnland
83%
Ein Flugzeug schnell Probleme kriegt,wenn's über den Pyrenäen fliegt und in diesem Staat will landen, weil: kein Flughafen vorhanden! Andorra
82%
In das allergrößte Land,das ganz auf der Südhalbkugel liegt, wurden einst mit harter Hand britische Sträflinge geschickt. Australien
80%
Es ist südamerikanisch;Amtssprache: natürlich Spanisch; hier hat seit bald 500 Tagen Präsident Milei das Sagen. Argentinien
77%
Die Gewaltenteilung nimmt manrichtig ernst in diesem Staat. Das ist auch der Grund, warum man hier gleich drei Hauptstädte hat. Südafrika
77%
Es war Teil von 'nem Ostblock-Land,nach der Hauptstadt wurd' ein Frühling benannt, die Landessprache kennt so manchen Satz, in dem gibt's für Vokale keinen Platz. Tschechien
77%
Als Briefmarken-Namensgeberkennt das kleine Land fast jeder, es war einst unterstellt der Queen, die Flagge zeigt Rot, Blau, Gelb, Grün. Mauritius
62%
Seit beinahe 17 Jahrenwird hier Formel 1 gefahren, doch Touristen, gebt bloß Acht, dass ihr euch nicht strafbar macht! Denn wer im Zug isst oder trinkt, dem gleich ein hohes Bußgeld winkt; und wer Drogen gar vertickt, schon bald unter der Erde liegt. Singapur
52%
Die vielen männlichen Gastarbeitermachen das Land zum Spitzenreiter weltweit unter den Nationen, wo mehr Männer als Frauen wohnen. Katar
35%
Fußball-Nation Nummer 1 der Weltliegt in Asien auf alle Fälle, denn dort wird sie ja hergestellt, die Mehrheit dieser runden Bälle. Pakistan
33%
Auch ein sehr, sehr kluger Mannsieht's der Weltkarte nicht an, dass man den afrikanischen Staat von Asien aus besiedelt hat. Madagaskar
23%
Im Jahre neunzehnhundertneunzigist's wiedervereinigt worden, doch nicht West und Ost vereint' sich, sondern der Süden und der Norden. Jemen
14%
Für die, die keine Lust haben,von oben nass zu werden, gibt es mit sieben Buchstaben das trockenste Land auf Erden.* (* gemeint ist das Land mit der geringsten Niederschlagsmenge laut dieser Statistik) Ägypten
12%
Keine übereinstimmenden Quizze gefunden
Verteilung der Resultate
Anzahl Personen mit jedem Resultat
Perzentil nach korrekt beantworteten Fragen
Ihre Resultats-Entwicklung
Sie haben dieses Quiz noch nicht gespielt